Evaluación acerca del estado del conocimiento de sistemas productivos ecológicos (orgánicos) en la región andina y su uso como herramienta de conservación de la biodiversidad (Registro nro. 6500)
[ vista simple ]
| 000 -CABECERA | |
|---|---|
| Campo de control | 02642nam a2200229 a 4500 |
| 005 - FECHA Y HORA DE LA ULTIMA TRANSACCION | |
| Campo de control | 20180803165359.0 |
| 008 - ELEMENTOS DE LONGITUD FIJA—INFORMACION GENERAL | |
| Campo de control | 140129b2005 ck ||||| |||| 00| 0 spa d |
| 041 ## - IDIOMA | |
| Código de idioma para texto/pista de sonido o título separado | Español |
| 044 ## - PAÍS DE PUBLICACIÓN | |
| País de publicación | Colombia |
| 090 ## - CLASIFICACIÓN LOCAL | |
| Colección | IAVH |
| Consecutivo | 01042 |
| 245 ## - MENCION DE TITULO | |
| Título | Evaluación acerca del estado del conocimiento de sistemas productivos ecológicos (orgánicos) en la región andina y su uso como herramienta de conservación de la biodiversidad |
| 260 ## - PUBLICACION, DISTRIBUCION, ETC. (PIE DE IMPRENTA) | |
| Lugar de publicación, distribución, etc. | Bogotá |
| Nombre del editor, distribuidor, etc. | Instituto Alexander von Humboldt |
| -- | CORPOICA |
| Fecha de publicación, distribución, etc. | 2005 |
| 300 ## - DESCRIPCION FISICA | |
| Extensión | 2 vols. |
| 520 ## - NOTA DE RESUMEN, ETC. | |
| Nota de resumen | Conformado en cinco partes: la primera establece el marco general de la investigación, enuncia el problema al cual el trabajo responde señalando los principales efectos de la agricultura convencional sobre los ecosistemas, los agroecosistemas y la diversidad biológica, a nivel general y en el país; la segunda parte enuncia los resultados de la revisión de literatura que estiman los efectos o impactos de la agricultura convencional y aquellos efectos e impactos positivos de las prácticas agroecológicas y importancia de la agricultura ecológica para la conservación de áreas protegidas, principalmente en las repercusiones que esta tiene al ser practicada en las zonas de amortiguamiento de las categorías de áreas protegidas, las principales políticas públicas e instrumentos que afectan el desempeño de los sistemas PAE; La tercera parte establece el contexto de la agricultura orgánica, regional e internacional, señalando su dimensión e importancia, la distribución entre los países y los avances más destacados en la conversión hacia la PAE; La cuarta explicita los resultados y análisis de los casos de sistemas PAE, certificados y no certificados, en cuanto a sus efectos sobre la biodiversidad, con énfasis en las prácticas agroambientales y en la percepción de la diversidad biológica planificada y asociada; y la quinta parte del documento hace una exploración acerca de la oferta y demanda tecnológica en los sistemas PAE y las prioridades y requerimientos de los agricultores en especial de tecnologías que permiten realzar, restaurar y mantener la diversidad biológica, tanto en sus predios, como en las áreas adyacentes o contiguas que se relacionan con estos. Finalmente se enuncian algunas conclusiones sustantivas del trabajo y se identifican algunos puntos que son objeto de sugerencias o recomendaciones generales del mismo |
| 650 ## - ASIENTO SECUNDARIO DE MATERIA - TERMINO TEMATICO | |
| Término temático o nombre geográfico como elemento de entrada | Sistemas productivos ecológicos |
| 650 ## - ASIENTO SECUNDARIO DE MATERIA - TERMINO TEMATICO | |
| Término temático o nombre geográfico como elemento de entrada | Orgánico |
| 650 ## - ASIENTO SECUNDARIO DE MATERIA - TERMINO TEMATICO | |
| Término temático o nombre geográfico como elemento de entrada | Conservación |
| 650 ## - ASIENTO SECUNDARIO DE MATERIA - TERMINO TEMATICO | |
| Término temático o nombre geográfico como elemento de entrada | Biodiversidad |
| 650 ## - ASIENTO SECUNDARIO DE MATERIA - TERMINO TEMATICO | |
| Término temático o nombre geográfico como elemento de entrada | Evaluación |
| 942 ## - ELEMENTOS ADICIONALES (KOHA) | |
| Tipo de ítem | CD-ROM |
| Sistema de clasificación | Local |
| 945 ## - PROCESAMIENTO LOCAL | |
| AAAA-MM-DD - Fecha de ingreso o modificacion | 2008-08-29 |
| Withdrawn status | Lost status | Sistema de Clasificación | Damaged status | No para préstamo | Colección | Inventariado | Ubicación Permanente | Ubicación actual | Fecha de adquisición | Total Checkouts | Número topográfico | Inventario / Código de Barras | Date last seen | Ejemplar | Price effective from | Forma de adquisición | Tipo de material |
|---|---|---|---|---|---|---|---|---|---|---|---|---|---|---|---|---|---|
| Local | Humboldt | Inventariado 2017 | Bogotá | Bogotá | 29/08/2008 | IAVH-01042 | 026333 | 09/08/2024 | V. 1 Ej. 1 | 04/12/2012 | Informe Técnico | ||||||
| Local | Humboldt | Inventariado 2017 | Bogotá | Bogotá | 29/08/2008 | IAVH-01042 | 026334 | 09/08/2024 | V. 2 Ej. 1 | 04/12/2012 | Informe Técnico |